Curso de albañilería. Tarea Nº 11. Tarrajear muro. Módulo 2. 1era parte. Colocar puntos de aplome. 2da parte. Hacer cintas maestras. 3era parte. Frotachar. 4ta parte. Ejecución de las operaciones para tarrejear / (Registro nro. 4889)
[ vista simple ]
| 000 -LEADER | |
|---|---|
| fixed length control field | 00820ngm a2200289 a 4500 |
| 003 - CONTROL NUMBER IDENTIFIER | |
| control field | OSt |
| 005 - DATE AND TIME OF LATEST TRANSACTION | |
| control field | 20251020182703.0 |
| 008 - FIXED-LENGTH DATA ELEMENTS--GENERAL INFORMATION | |
| fixed length control field | 240217s9999 xx 000 0 und d |
| 040 ## - CATALOGING SOURCE | |
| Original cataloging agency | PE SENCICO BE |
| 040 ## - CATALOGING SOURCE | |
| Transcribing agency | PE SENCICO BE |
| 041 ## - LANGUAGE CODE | |
| Language code of text/sound track or separate title | spa |
| 082 ## - DEWEY DECIMAL CLASSIFICATION NUMBER | |
| Classification number | Q013 |
| 245 #0 - TITLE STATEMENT | |
| Title | Curso de albañilería. Tarea Nº 11. Tarrajear muro. Módulo 2. 1era parte. Colocar puntos de aplome. 2da parte. Hacer cintas maestras. 3era parte. Frotachar. 4ta parte. Ejecución de las operaciones para tarrejear / |
| 245 #0 - TITLE STATEMENT | |
| Statement of responsibility, etc. | SENCICO-INTE |
| 260 ## - PUBLICATION, DISTRIBUTION, ETC. | |
| Place of publication, distribution, etc. | Lima |
| 260 ## - PUBLICATION, DISTRIBUTION, ETC. | |
| Name of publisher, distributor, etc. | SENCICO-INTE |
| 260 ## - PUBLICATION, DISTRIBUTION, ETC. | |
| Date of publication, distribution, etc. | No precisa |
| 300 ## - PHYSICAL DESCRIPTION | |
| Extent | 1 VIDEO |
| 300 ## - PHYSICAL DESCRIPTION | |
| Other physical details | son., Col. |
| 300 ## - PHYSICAL DESCRIPTION | |
| Dimensions | 78' |
| 490 ## - SERIES STATEMENT | |
| Series statement | ALBAÑILERIA |
| 520 ## - SUMMARY, ETC. | |
| Summary, etc. | Módulo Uno |
| 650 ## - SUBJECT ADDED ENTRY--TOPICAL TERM | |
| Topical term or geographic name entry element | TARRAJEAR MURO |
| 651 ## - SUBJECT ADDED ENTRY--GEOGRAPHIC NAME | |
| Geographic name | PERÚ |
| 910 ## - USER-OPTION DATA (OCLC) | |
| User-option data | ila. |
| 942 ## - ADDED ENTRY ELEMENTS (KOHA) | |
| Koha item type | Videos |
| Source of classification or shelving scheme | Dewey Decimal Classification |
| Fecha de la última vez que lo usaron | Pago total | Signatura topográfica completa | Código de barras | Precio efectivo desde | Tipo de documento | Estado perdido | Sistema de clasificación | Estado dañado | No es para préstamo | Retirado | Ubicación permanente | Ubicación actual | Fecha de adquisición |
|---|---|---|---|---|---|---|---|---|---|---|---|---|---|
| 23/02/2024 | Q013 | Bib-Lima24020371 | 23/02/2024 | Videos | Dewey Decimal Classification | Biblioteca Central Lima | Biblioteca Central Lima | 23/02/2024 |